000 00365cam a2200157ua 4500
041 _aeng
_h
082 _a823.308
_bFAL/MO
100 _aFalkner, Meade J .
245 _aMoonfleet /
_cMeade J Falkner.
_hTextual Documents
250 _a /
_b.
260 _aLondon :
_bLongman ,
_c1962.
300 _a111 ; .
504 _a
942 _cBK
999 _c12878
_d12878